000 00716nam a2200277Ia 4500
001 8625
005 20240113234124.0
007 ta
008 050720s1991 a g b000 u eng u
020 _a81 7041 536 8
040 _aCotton College Asaam
041 _aeng
082 _a374
_bRa 14 Ad
100 _aRam, Geeta .
245 0 _aAdult Education: Litercy to Liberation /
_cGeeta Ram.
_hTextual Documents
250 _a1st ed. /
260 _aNew Delhi :
_bAnmol Publications ,
_c1991.
300 _avii, 180p. :
_bill. ;
_c22cm .
653 _aEducation
653 _aAdult Education
942 _2ddc
_cBK
999 _c8612
_d8612